[Event "Roncana op-C U14 7th"]
[Site "Santa Eulalia de Roncana"]
[Date "2013.10.12"]
[Round "2"]
[White "Garcia Gil, Oriol"]
[Black "Casas Hernandez, Edgar"]
[Result "1-0"]
[WhiteElo "1826"]
[BlackElo "1710"]
[PlyCount "69"]
[EventDate "2013.10.05"]
[EventType "swiss"]
[EventRounds "8"]
[EventCountry "ESP"]
[SourceTitle "EXT 2015"]
[Source "ChessBase"]
[SourceDate "2014.11.20"]
[SourceVersion "1"]
[SourceVersionDate "2014.11.20"]
[SourceQuality "1"]

1. g3 e5 2. Bg2 Nf6 3. e3 e4 4. Ne2 Nc6 5. d3 d5 6. dxe4 Bg4 7. exd5 Bxe2 8. Qxe2 Nxd5 9. Bxd5 Qxd5 10. 0-0 Be7 11. Nc3 Qd6 12. Rd1 Qg6 13. Nd5 Bd6 14. e4 0-0 15. c4 b6 16. f4 f5 17. e5 Bc5+ 18. Be3 Bxe3+ 19. Qxe3 Rad8 20. e6 Rxd5 21. cxd5 Nb4 22. Qa3 Nc2 23. Qc3 Nxa1 24. Rxa1 Rd8 25. Rd1 c5 26. e7 Re8 27. d6 Qg4 28. Qb3+ Kh8 29. d7 Qg6 30. d8Q h6 31. Rd6 Qh5 32. Qd5 Rxd8 33. Rxd8+ Kh7 34. e8Q Qg4 35. Qdg8# 1-0